[Event "BL 8485 HSK-Bamberg"]
[Site "?"]
[Date "1985.??.??"]
[Round "?.2"]
[White "Chandler, M."]
[Black "Bartsch, B."]
[Result "1-0"]
[WhiteElo "2540"]
[BlackElo "2265"]
[PlyCount "75"]
[EventDate "1985.??.??"]

1. e4 c5 2. Nf3 Nf6 3. e5 Nd5 4. Nc3 e6 5. Nxd5 exd5 6. d4 Nc6 7. dxc5 Bxc5 8.
Qxd5 d6 9. exd6 Qb6 10. Qe4+ Be6 11. Qh4 Bxd6 12. Be2 Be7 13. Qe4 O-O-O 14. O-O
Bd5 15. Qg4+ Kb8 16. Be3 Qxb2 17. c4 Qxe2 18. cxd5 Rxd5 19. Qxg7 Rf8 20. Bf4+
Ka8 21. Rae1 Qc4 22. Rxe7 Rdd8 23. Ne5 Qxf4 24. Nxc6 bxc6 25. g3 Qf5 26. Qc3
Qb5 27. Rc1 f5 28. Qxc6+ Qxc6 29. Rxc6 f4 30. Rc2 h5 31. Kg2 fxg3 32. hxg3 Rf5
33. Kh3 Rdf8 34. f4 Ra5 35. Rce2 Rf6 36. Rg7 Rf8 37. Kh4 Rh8 38. Rg5 1-0

[Event "BL 8485 HSK-Bamberg"]
[Site "?"]
[Date "1985.??.??"]
[Round "?.4"]
[White "Behrhorst, F."]
[Black "Treppner, G."]
[Result "0-1"]
[WhiteElo "2285"]
[BlackElo "2300"]
[PlyCount "64"]
[EventDate "1985.??.??"]

1. d4 d6 2. c4 e5 3. Nc3 exd4 4. Qxd4 Nc6 5. Qd2 Nf6 6. g3 Be6 7. Nd5 Ne5 8. b3
c6 9. Nxf6+ Qxf6 10. Bb2 Qg6 11. Bg2 Be7 12. Nf3 Nxf3+ 13. Bxf3 O-O 14. O-O
Rad8 15. Qa5 a6 16. Rfd1 Rd7 17. Rac1 f5 18. Rd3 f4 19. Rcd1 Bf5 20. Rd4 fxg3
21. hxg3 Bd8 22. Qd2 Bb6 23. Kg2 Bxd4 24. Qxd4 Re8 25. Ba3 Re6 26. Rh1 Be4 27.
Rh4 Bxf3+ 28. exf3 Rf7 29. Bb2 Qf6 30. Qd3 Qf5 31. Qc3 Re2 32. Rg4 Rxb2 0-1

[Event "BL 8485 HSK-Bamberg"]
[Site "?"]
[Date "1985.??.??"]
[Round "?.5"]
[White "Ruehrig, V."]
[Black "Gruenberg, Ra"]
[Result "1-0"]
[WhiteElo "2375"]
[BlackElo "2255"]
[PlyCount "111"]
[EventDate "1985.??.??"]

1. e4 e5 2. Nf3 Nf6 3. Nc3 Bb4 4. Nxe5 O-O 5. Be2 d6 6. Nd3 Bxc3 7. dxc3 Nxe4
8. O-O Bf5 9. Be3 Nd7 10. Re1 Re8 11. c4 Ndc5 12. Bf1 Nxd3 13. cxd3 Nf6 14. Qf3
Bc8 15. Bg5 Rxe1 16. Rxe1 Kf8 17. Qe4 Be6 18. Bxf6 Qxf6 19. Qxb7 Qd8 20. g3 Rb8
21. Qxa7 Rxb2 22. d4 Rb4 23. a3 Rb2 24. d5 Bd7 25. Qd4 Qf6 26. Qxf6 gxf6 27.
Kg2 c5 28. Re2 Rb1 29. Ra2 Ba4 30. Bd3 Rc1 31. Rb2 Rc3 32. Bxh7 Rxc4 33. Kf3
Rd4 34. Be4 f5 35. Bxf5 Rxd5 36. Kf4 c4 37. Rb4 Bb3 38. h4 Rd2 39. Kg5 Kg7 40.
Rb7 Rxf2 41. h5 Ba4 42. h6+ Kf8 43. Rb8+ Ke7 44. h7 Rxf5+ 45. Kxf5 Bc2+ 46. Kf4
Bxh7 47. Rc8 Bd3 48. Rc7+ Ke6 49. Ke3 d5 50. Kd4 f5 51. a4 Kd6 52. Rc5 Bc2 53.
a5 Ba4 54. Rxd5+ Ke6 55. Re5+ Kf6 56. Rc5 1-0

[Event "BL 8485 HSK-Bamberg"]
[Site "?"]
[Date "1985.??.??"]
[Round "?.6"]
[White "Hess, C."]
[Black "Kestler, H."]
[Result "1/2-1/2"]
[WhiteElo "2260"]
[BlackElo "2410"]
[PlyCount "70"]
[EventDate "1985.??.??"]

1. d4 Nf6 2. c4 d6 3. Nf3 Nbd7 4. Nc3 e5 5. Bg5 Be7 6. e3 O-O 7. Qc2 exd4 8.
Nxd4 Nc5 9. Be2 Ne6 10. Nxe6 Bxe6 11. O-O Qd7 12. Rfd1 h6 13. Bh4 Qc6 14. Rac1
Rfe8 15. b3 Qb6 16. Bf3 Nd7 17. Bg3 Nc5 18. Bd5 Bf6 19. Bxe6 fxe6 20. Nb5 a6
21. Nc3 Bxc3 22. Qxc3 a5 23. Rd4 Qc6 24. Rg4 Qd7 25. Rd1 e5 26. h3 Qf5 27. Qd2
e4 28. Qd4 Re7 29. Bh4 Rf7 30. Qc3 b6 31. Rd5 Qe6 32. a3 Raf8 33. b4 axb4 34.
axb4 Nd3 35. Rd4 Qf5 1/2-1/2

[Event "BL 8485 Erlangen-HSK"]
[Site "?"]
[Date "1985.??.??"]
[Round "?.2"]
[White "Huenerkopf, H."]
[Black "Chandler, M."]
[Result "1/2-1/2"]
[WhiteElo "2255"]
[BlackElo "2540"]
[PlyCount "84"]
[EventDate "1985.??.??"]

1. e4 c5 2. Nf3 d6 3. d4 Nf6 4. Nc3 cxd4 5. Nxd4 a6 6. Bc4 e6 7. Bb3 b5 8. Qe2
Be7 9. g4 g6 10. g5 Nh5 11. f4 O-O 12. Rg1 b4 13. Nd1 d5 14. exd5 exd5 15. Qf3
Bc5 16. Be3 Re8 17. Kf1 a5 18. c3 Bb7 19. Nf2 a4 20. Bc2 bxc3 21. bxc3 Qa5 22.
Rc1 Ba6+ 23. Bd3 Nd7 24. Bxa6 Qxa6+ 25. Kg2 Bd6 26. Rc2 Nb6 27. Ng4 Qd3 28. Bc1
Qxf3+ 29. Kxf3 Rac8 30. Rd1 Bf8 31. Ne5 Bg7 32. Ndc6 Re6 33. Nd4 Re7 34. Ba3
Rec7 35. Bb4 Bf8 36. Ba5 Bc5 37. Nb5 Rb7 38. Rb2 f6 39. Bxb6 Rxb6 40. Nd7 Rb7
41. Rxd5 Be7 42. Re2 Kf7 1/2-1/2

[Event "BL 8485 Erlangen-HSK"]
[Site "?"]
[Date "1985.??.??"]
[Round "?.3"]
[White "Reefschlaeger, H."]
[Black "Roeder, F."]
[Result "1-0"]
[WhiteElo "2425"]
[BlackElo "2250"]
[PlyCount "91"]
[EventDate "1985.??.??"]

1. d4 d5 2. c4 c6 3. cxd5 cxd5 4. Nc3 Nc6 5. Nf3 Nf6 6. Bf4 Bf5 7. e3 e6 8. Ne5
Nd7 9. Nxc6 bxc6 10. Be2 Be7 11. O-O O-O 12. Rc1 Qb6 13. Na4 Qb7 14. Rc3 a5 15.
Qb3 Qxb3 16. Rxb3 Bb4 17. Rc1 Rfc8 18. g4 Bg6 19. Bd3 Bxd3 20. Rxd3 c5 21. dxc5
Nxc5 22. Nxc5 Rxc5 23. Rxc5 Bxc5 24. Rc3 Bb4 25. Rc6 Kf8 26. Kf1 Ra7 27. a3 g5
28. Bb8 Rb7 29. Rc8+ Ke7 30. axb4 Rxb4 31. Be5 f6 32. Bc3 Rxg4 33. Bxa5 Rh4 34.
b4 Rxh2 35. Rc7+ Kd6 36. Rf7 Rh1+ 37. Kg2 Ra1 38. Rxf6 h5 39. Rg6 g4 40. Rh6
Ra2 41. Rxh5 e5 42. Rh6+ Kd7 43. Bb6 Ra6 44. Kg3 d4 45. exd4 exd4 46. Rh7+ 1-0

[Event "BL 8485 Erlangen-HSK"]
[Site "?"]
[Date "1985.??.??"]
[Round "?.5"]
[White "Gruenberg, Ra"]
[Black "Strobel, W."]
[Result "1-0"]
[WhiteElo "2255"]
[BlackElo "2275"]
[PlyCount "51"]
[EventDate "1985.??.??"]

1. d4 b6 2. e4 Bb7 3. Bd3 e6 4. Nf3 c5 5. c3 Nf6 6. Qe2 Be7 7. O-O cxd4 8. cxd4
Nc6 9. a3 Rc8 10. Nbd2 O-O 11. Re1 d6 12. b4 Rc7 13. Bb2 Qa8 14. Rac1 Rfc8 15.
d5 Nd8 16. Rxc7 Rxc7 17. Nd4 e5 18. Nf5 Bf8 19. f4 Nd7 20. Nc4 Rxc4 21. Bxc4 g6
22. Bb5 Bc8 23. Qg4 Qb7 24. Qh4 gxf5 25. Qxd8 fxe4 26. Bc6 1-0

[Event "BL 8485 Erlangen-HSK"]
[Site "?"]
[Date "1985.??.??"]
[Round "?.7"]
[White "Wegner, H."]
[Black "Seyb, D."]
[Result "1/2-1/2"]
[WhiteElo "2245"]
[BlackElo "2310"]
[PlyCount "163"]
[EventDate "1985.??.??"]

1. d4 d5 2. c4 c6 3. Nf3 Nf6 4. Nc3 dxc4 5. a4 Bg4 6. Ne5 Bh5 7. Nxc4 e6 8. Qb3
Na6 9. e3 Nb4 10. Na2 a5 11. Bd2 Nfd5 12. Be2 Bxe2 13. Kxe2 Nxa2 14. Rxa2 Bb4
15. Rd1 Qh4 16. h3 O-O 17. Bxb4 Nxb4 18. Raa1 Rab8 19. Kf1 b6 20. Rac1 Rfd8 21.
Ne5 Rbc8 22. Nd3 Qe7 23. Nxb4 Qxb4 24. Qxb4 axb4 25. Rc4 c5 26. Rdc1 Ra8 27.
dxc5 bxc5 28. b3 Rd3 29. Rxc5 g6 30. Rb1 Rd2 31. Ke1 Ra2 32. Rd1 Ra3 33. Rb1
Ra2 34. Rb5 Rc8 35. Rxb4 Rcc2 36. Rf4 e5 37. Rf3 f5 38. g4 f4 39. e4 Re2+ 40.
Kf1 Kf7 41. b4 Rxe4 42. b5 Rexa4 43. b6 Ra1 44. Rfb3 Rxb1+ 45. Rxb1 Ra8 46. f3
Ke6 47. Ke2 Kd5 48. b7 Rb8 49. Kd3 e4+ 50. fxe4+ Kc6 51. g5 Rxb7 52. Rxb7 Kxb7
53. Ke2 Kc6 54. Kf3 Kc5 55. Kxf4 Kd6 56. e5+ Kd5 57. h4 Kc6 58. Ke4 Kc5 59. h5
gxh5 60. Kf5 h4 61. e6 h3 62. e7 h2 63. e8=Q h1=Q 64. Qe7+ Kc6 65. Qe6+ Kc5 66.
Kf6 Qh4 67. Qe5+ Kc6 68. Kg7 Kd7 69. Qf5+ Kd6 70. Qf6+ Kd5 71. Qh6 Qe4 72. Qf6
Qh4 73. Qf5+ Kd4 74. Kh8 Ke3 75. Qf6 Qe4 76. Qh6 Kd4 77. Qg7+ Ke3 78. Qh6 Kd4
79. Qxh7 Qe8+ 80. Kg7 Qd7+ 81. Kh6 Qh3+ 82. Kg6 1/2-1/2

[Event "BL 8485 Bamberg-Delmenhorst"]
[Site "?"]
[Date "1985.??.??"]
[Round "?.1"]
[White "Meyer, H."]
[Black "Seppeur, R."]
[Result "0-1"]
[WhiteElo "2245"]
[BlackElo "2310"]
[PlyCount "120"]
[EventDate "1985.??.??"]

1. d4 Nf6 2. c4 g6 3. Nf3 Bg7 4. g3 O-O 5. Bg2 d6 6. O-O Nc6 7. Nc3 a6 8. h3
Rb8 9. Be3 b5 10. Nd2 Na5 11. cxb5 axb5 12. b4 Nc4 13. Nxc4 bxc4 14. b5 Bd7 15.
a4 Qc8 16. Kh2 c6 17. Rb1 Qc7 18. Qd2 Rfc8 19. Rb2 e6 20. Ra1 Be8 21. Bf4 cxb5
22. axb5 Rb6 23. Ra5 Rcb8 24. Rb4 Nh5 25. Bg5 d5 26. e4 Qd6 27. Rba4 dxe4 28.
Rxc4 f5 29. Bf1 Bd7 30. Be2 e5 31. d5 Nf6 32. Be3 h5 33. Bc5 Qc7 34. Be7 Qb7
35. d6 Ne8 36. Rca4 Qc8 37. Bc4+ Kh7 38. Bf7 Bh6 39. Qb2 Nxd6 40. Bxd6 Rxd6 41.
Rc4 Qf8 42. Bd5 e3 43. Rc7 f4 44. Raa7 Rd8 45. b6 exf2 46. Qxf2 fxg3+ 47. Kxg3
Bf4+ 48. Kg2 Qf5 49. Qf3 Kh6 50. Ra2 Rxb6 51. Be4 Qg5+ 52. Kh1 Qh4 53. Kg2 Be6
54. Rc2 Rbd6 55. Ne2 Bg4 56. Qb3 Rd3 57. R2c6 Qxh3+ 58. Kf2 Be3+ 59. Ke1 Qh4+
60. Kf1 Qf2# 0-1

[Event "BL 8485 Bamberg-Delmenhorst"]
[Site "?"]
[Date "1985.??.??"]
[Round "?.2"]
[White "Bartsch, B."]
[Black "Hermann, Man"]
[Result "1/2-1/2"]
[WhiteElo "2265"]
[BlackElo "2345"]
[PlyCount "62"]
[EventDate "1985.??.??"]

1. g3 e5 2. Bg2 d5 3. d3 Nf6 4. c4 dxc4 5. Qa4+ c6 6. Qxc4 Be6 7. Qc2 Bd6 8.
Nd2 O-O 9. Ngf3 Nd5 10. O-O Nd7 11. a3 N5b6 12. Nc4 Bc7 13. b4 Re8 14. Na5 Rb8
15. Be3 Nd5 16. Bxa7 Ra8 17. Be3 Nxe3 18. fxe3 Bxa5 19. bxa5 Rxa5 20. Rfb1 Qc7
21. Ng5 h6 22. Nxe6 Rxe6 23. Bh3 Re7 24. Bxd7 Rxd7 25. Qc3 Rdd5 26. a4 Qe7 27.
e4 Rdc5 28. Qd2 Ra8 29. Rb4 Rc2 30. Qxc2 Qxb4 31. Rb1 Qd4+ 1/2-1/2

[Event "BL 8485 Bamberg-Delmenhorst"]
[Site "?"]
[Date "1985.??.??"]
[Round "?.4"]
[White "Treppner, G."]
[Black "Juhnke, K."]
[Result "1-0"]
[WhiteElo "2300"]
[BlackElo "2325"]
[PlyCount "77"]
[EventDate "1985.??.??"]

1. d4 Nf6 2. Nf3 g6 3. Nbd2 Bg7 4. e4 d6 5. Be2 O-O 6. O-O Nbd7 7. c3 e5 8.
dxe5 Nxe5 9. Nxe5 dxe5 10. Qc2 Nd7 11. a4 Nc5 12. b3 Ne6 13. g3 Re8 14. Nc4 Ng5
15. h4 Ne6 16. Rd1 Qe7 17. Ne3 f6 18. Ba3 Qf7 19. Bc4 Bf8 20. a5 Bxa3 21. Rxa3
Qf8 22. Ra2 a6 23. b4 Kh8 24. Qe2 h5 25. Nd5 Qg7 26. Rad2 Rf8 27. Kh2 Kh7 28.
Ne3 Kh8 29. Rd3 Rb8 30. Qa2 Qe7 31. Nd5 Qe8 32. Qd2 Kh7 33. Qe3 Ra8 34. f4 exf4
35. gxf4 f5 36. e5 Qc6 37. Nf6+ Kh6 38. Bd5 Qb5 39. Qg3 1-0

[Event "BL 8485 Bamberg-Delmenhorst"]
[Site "?"]
[Date "1985.??.??"]
[Round "?.5"]
[White "Schlemermeyer, W."]
[Black "Ruehrig, V."]
[Result "0-1"]
[WhiteElo "2220"]
[BlackElo "2375"]
[PlyCount "95"]
[EventDate "1985.??.??"]

1. e4 e5 2. Bc4 Nf6 3. d3 Nc6 4. Nf3 Bc5 5. c3 d6 6. O-O Bg4 7. Nbd2 Qd7 8. a4
a5 9. Re1 O-O 10. Nf1 Rae8 11. h3 Be6 12. Bb5 Bb6 13. Ng3 Qc8 14. Be3 Bxe3 15.
Rxe3 Bd7 16. d4 exd4 17. Nxd4 Kh8 18. Bxc6 bxc6 19. c4 Qb7 20. Nb3 Re7 21. Qd2
Qb4 22. Qxb4 axb4 23. Nd2 Rfe8 24. Rae1 g6 25. b3 h5 26. Nf3 Bc8 27. e5 Nd7 28.
exd6 Rxe3 29. Rxe3 Rxe3 30. fxe3 Nc5 31. Ne5 cxd6 32. Nxf7+ Kg7 33. Nxd6 Ba6
34. Nge4 Nxb3 35. Kf2 Kf8 36. Ke2 Ke7 37. Kd3 Ke6 38. Kc2 Na5 39. Nc5+ Kxd6 40.
Nxa6 c5 41. e4 Nxc4 42. Nb8 Kc7 43. Na6+ Kb6 44. Nb8 Ne5 45. g4 hxg4 46. hxg4
Kb7 47. Nd7 Nxd7 48. Kd3 0-1

[Event "BL 8485 Bamberg-Delmenhorst"]
[Site "?"]
[Date "1985.??.??"]
[Round "?.6"]
[White "Kestler, H."]
[Black "Tielemann, K."]
[Result "0-1"]
[WhiteElo "2410"]
[BlackElo "2285"]
[PlyCount "86"]
[EventDate "1985.??.??"]

1. e4 c5 2. c3 d5 3. exd5 Qxd5 4. d4 Nc6 5. Nf3 cxd4 6. cxd4 e5 7. Nc3 Bb4 8.
Bd2 Bxc3 9. Bxc3 e4 10. Ne5 Nxe5 11. dxe5 Ne7 12. Qa4+ Bd7 13. Qa3 Qe6 14. Be2
O-O 15. O-O Ng6 16. Qd6 Nf4 17. Rfe1 Qf5 18. Bf1 Bc6 19. Rad1 Rfe8 20. Re3 h5
21. h4 Re6 22. Qc5 Rg6 23. Rg3 Rxg3 24. fxg3 Qg4 25. gxf4 Qxd1 26. e6 fxe6 27.
Qe5 Qd7 28. f5 exf5 29. Bc4+ Kh8 30. Qf4 Kh7 31. Bb3 Bd5 32. Bd1 Qf7 33. Qd6
Re8 34. Ba4 Bc6 35. Bc2 Qg6 36. Qd4 Re7 37. Qe3 Qg4 38. g3 Rd7 39. Kf2 Bb5 40.
a4 Bd3 41. Bb3 Qh3 42. Qg5 Qf1+ 43. Ke3 f4+ 0-1

[Event "BL 8485 Bamberg-Delmenhorst"]
[Site "?"]
[Date "1985.??.??"]
[Round "?.8"]
[White "Schmidt, G."]
[Black "Ditt, E."]
[Result "1/2-1/2"]
[WhiteElo "2235"]
[BlackElo "2300"]
[PlyCount "35"]
[EventDate "1985.??.??"]

1. d4 g6 2. c4 Bg7 3. Nc3 f5 4. e4 fxe4 5. Nxe4 d5 6. Nc3 c5 7. dxc5 d4 8. Ne4
Na6 9. Bg5 Nxc5 10. Nxc5 Qa5+ 11. Qd2 Qxc5 12. Bd3 a5 13. Ne2 Bg4 14. O-O Bxe2
15. Bxe2 Nf6 16. Bf3 O-O 17. Rfe1 Ra7 18. Bxf6 1/2-1/2

[Event "BL 8485 Koblenz-Bayern"]
[Site "?"]
[Date "1985.??.??"]
[Round "?.1"]
[White "Pfleger, He"]
[Black "Gutman, L."]
[Result "1/2-1/2"]
[WhiteElo "2490"]
[BlackElo "2485"]
[PlyCount "148"]
[EventDate "1985.??.??"]

1. c4 Nf6 2. Nf3 g6 3. b3 Bg7 4. Bb2 O-O 5. g3 c6 6. Bg2 d5 7. O-O Bg4 8. d3
Nbd7 9. Nbd2 Re8 10. h3 Bxf3 11. Nxf3 e5 12. cxd5 cxd5 13. Nd2 Qa5 14. a3 Bh6
15. b4 Qb6 16. Nb3 Rac8 17. e3 Qb5 18. Rb1 b6 19. Na1 Bf8 20. a4 Qc6 21. b5 Qe6
22. Rc1 Qf5 23. Nb3 Rxc1 24. Bxc1 Rc8 25. Bb2 Qe6 26. d4 e4 27. Nd2 h5 28. Qb3
h4 29. gxh4 Nh5 30. Rc1 Rxc1+ 31. Bxc1 Be7 32. Ba3 Bxh4 33. Nf1 Ndf6 34. Qd1
Qf5 35. Qe2 Nh7 36. f4 N7f6 37. Bd6 Qc8 38. Kh2 Ne8 39. Bb4 Neg7 40. Qa2 Qd8
41. Qe2 Nf5 42. Be1 Bxe1 43. Qxe1 Qc7 44. Kg1 Qc2 45. a5 Qb2 46. axb6 axb6 47.
Qd2 Qxb5 48. Qc2 Nhg3 49. Nxg3 Nxg3 50. Kf2 Nf5 51. Bf1 Qb4 52. Be2 Qa3 53. Qd2
Kg7 54. Bb5 Qe7 55. Kg2 Qa3 56. Kf2 Qd6 57. Qe2 Qe7 58. Qg4 Qa3 59. Qe2 Qc3 60.
Bd7 Nd6 61. h4 Qc7 62. Bh3 b5 63. h5 b4 64. hxg6 fxg6 65. Be6 Qb7 66. Qg4 b3
67. Qg5 b2 68. Bxd5 Nf7 69. Bxf7 Qxf7 70. Qe5+ Kh7 71. Qxe4 Qc7 72. d5 Kh6 73.
d6 Qc1 74. Qe5 Qd2+ 1/2-1/2

[Event "BL 8485 Koblenz-Bayern"]
[Site "?"]
[Date "1985.??.??"]
[Round "?.2"]
[White "Schulz, KJ."]
[Black "Kindermann, S."]
[Result "0-1"]
[WhiteElo "2355"]
[BlackElo "2490"]
[PlyCount "58"]
[EventDate "1985.??.??"]

1. e4 c5 2. Nf3 e6 3. d4 cxd4 4. Nxd4 Nf6 5. Nc3 d6 6. Be2 Be7 7. O-O a6 8. f4
Qc7 9. Kh1 O-O 10. g4 Re8 11. g5 Nfd7 12. f5 Ne5 13. f6 Bf8 14. fxg7 Bxg7 15.
Bh5 b5 16. Bf4 Rf8 17. Bxe5 Bxe5 18. Nf5 exf5 19. Nd5 Qc4 20. exf5 Qh4 21. Qe2
Kh8 22. Bf3 Nc6 23. c3 Bxf5 24. Nb4 Nxb4 25. Bxa8 Bd3 26. Qf2 Qxf2 27. Rxf2
Rxa8 28. cxb4 Be4+ 29. Kg1 Bd4 0-1

[Event "BL 8485 Koblenz-Bayern"]
[Site "?"]
[Date "1985.??.??"]
[Round "?.3"]
[White "Hecht, H."]
[Black "Wolf, V."]
[Result "1/2-1/2"]
[WhiteElo "2450"]
[BlackElo "2315"]
[PlyCount "41"]
[EventDate "1985.??.??"]

1. c4 e5 2. Nc3 Nf6 3. Nf3 Nc6 4. e3 Bb4 5. Qc2 O-O 6. a3 Bxc3 7. Qxc3 Qe7 8.
b4 d6 9. Bb2 Re8 10. Be2 a5 11. O-O axb4 12. axb4 Ne4 13. Qc2 Bf5 14. d3 Ng5
15. Nxg5 Qxg5 16. b5 Ne7 17. Bf3 Qg6 18. Rfd1 Rxa1 19. Bxa1 Ra8 20. Bc3 Bg4 21.
Bxg4 1/2-1/2

[Event "BL 8485 Koblenz-Bayern"]
[Site "?"]
[Date "1985.??.??"]
[Round "?.4"]
[White "Doncevic, D."]
[Black "Bischoff, K."]
[Result "1/2-1/2"]
[WhiteElo "2360"]
[BlackElo "2375"]
[PlyCount "34"]
[EventDate "1985.??.??"]

1. e4 c5 2. c3 d5 3. exd5 Qxd5 4. d4 e6 5. Nf3 Nf6 6. Be2 Be7 7. O-O O-O 8. Be3
cxd4 9. c4 Qd8 10. Nxd4 a6 11. Nc3 Qc7 12. Rc1 b6 13. Bf3 Bb7 14. Bxb7 Qxb7 15.
Qf3 Qxf3 16. Nxf3 Nbd7 17. Rfd1 Rfc8 1/2-1/2

[Event "BL 8485 Koblenz-Bayern"]
[Site "?"]
[Date "1985.??.??"]
[Round "?.5"]
[White "Calvo Minguez, R."]
[Black "Weidemann, J."]
[Result "1-0"]
[WhiteElo "2410"]
[BlackElo "2290"]
[PlyCount "121"]
[EventDate "1985.??.??"]

1. d4 d6 2. Nf3 Nf6 3. Bf4 g6 4. h3 Bg7 5. e3 O-O 6. Nbd2 Nbd7 7. Bc4 e6 8. O-O
Qe7 9. Bh2 e5 10. dxe5 dxe5 11. Qe2 e4 12. Nd4 Ne5 13. a4 Bd7 14. Nb5 Bc6 15.
Bb3 Rfd8 16. Rfd1 a6 17. Nc3 Rd7 18. Bg3 h6 19. Nc4 Rxd1+ 20. Rxd1 Nxc4 21.
Qxc4 Rf8 22. Ne2 Nh5 23. Bh2 Rc8 24. Nd4 Be8 25. Qd5 c5 26. Bd6 Qd7 27. Ne6
Bxb2 28. Nxc5 Qc6 29. Qxe4 Qxe4 30. Nxe4 Bc6 31. Nd2 Bc3 32. Nc4 Re8 33. Rd3
Bf6 34. Bb4 Ng7 35. Na5 Be4 36. Rd7 Ne6 37. f3 b6 38. Nc4 Bc6 39. Rd6 Bxa4 40.
Bxa4 b5 41. Rxa6 bxa4 42. Rxa4 Rc8 43. Bd6 Ng7 44. Kf2 Nf5 45. Bf4 h5 46. g4
hxg4 47. hxg4 Ne7 48. e4 g5 49. Bd6 Bd4+ 50. Ke2 Ng6 51. Kd3 Bf6 52. Rb4 Kg7
53. Rb8 Rc6 54. e5 Be7 55. Kd4 Ra6 56. Ne3 f6 57. Nf5+ Kf7 58. Bxe7 Nxe5 59.
Rb7 Nxf3+ 60. Ke4 Nd2+ 61. Kd5 1-0

[Event "BL 8485 Koblenz-Bayern"]
[Site "?"]
[Date "1985.??.??"]
[Round "?.7"]
[White "Siegel, G."]
[Black "Andruet, G."]
[Result "1-0"]
[WhiteElo "2285"]
[BlackElo "2400"]
[PlyCount "171"]
[EventDate "1985.??.??"]

1. Nf3 Nf6 2. c4 e6 3. d4 b6 4. Bf4 Bb7 5. e3 Be7 6. h3 O-O 7. Nc3 d5 8. Rc1 c5
9. dxc5 bxc5 10. Be2 Nbd7 11. O-O Rc8 12. Ne5 Nxe5 13. Bxe5 Nd7 14. Bg3 Nb6 15.
cxd5 exd5 16. Bg4 f5 17. Bf3 Qd7 18. Qb3 Kh8 19. Rfd1 Rfd8 20. Ne2 Bf6 21. Qa3
d4 22. exd4 Bxf3 23. Qxf3 cxd4 24. Rxc8 Qxc8 25. Nf4 Qa6 26. Nh5 Na4 27. Qa3
Qe2 28. Qxa4 Qxh5 29. Qc2 Qg5 30. Bc7 Rc8 31. Qe2 h6 32. Ba5 f4 33. Bd2 Qd5 34.
Bxf4 Qxa2 35. Qh5 Qe6 36. Qg6 Qe8 37. Qd3 Qd7 38. b3 Rd8 39. Rc1 Qd5 40. Rd1
Rd7 41. Qg6 Qe6 42. Bd2 d3 43. Re1 Qxe1+ 44. Bxe1 d2 45. Qe8+ Kh7 46. Qe4+ Kh8
47. Bxd2 Rxd2 48. Qe3 Rb2 49. Qxa7 Rxb3 50. Qa8+ Kh7 51. Qe4+ Kh8 52. g3 Rc3
53. Kg2 Ra3 54. f4 Rc3 55. h4 Ra3 56. Kh3 Rc3 57. Qg6 Ra3 58. Kg4 Ra5 59. Qe4
Rc5 60. Qg6 Ra5 61. Kf3 Ra3+ 62. Ke4 Ra5 63. Kd3 Rc5 64. Kd2 Ra5 65. Kc2 Ra3
66. Kd2 Bc3+ 67. Ke2 Bf6 68. Kf2 Ra5 69. Kg2 Ra2+ 70. Kh3 Ra3 71. Qe8+ Kh7 72.
Qe4+ Kh8 73. Qf5 Rc3 74. Kg4 Ra3 75. Qc8+ Kh7 76. Qc2+ Kh8 77. Qc5 Rc3 78. Qf2
Kh7 79. h5 Ra3 80. Kf5 Ra6 81. Qc2 Rd6 82. g4 Rb6 83. Qd3 Rc6 84. Qb1 Ra6 85.
Qe4 Rd6 86. g5 1-0

[Event "BL 8485 Koblenz-Bayern"]
[Site "?"]
[Date "1985.??.??"]
[Round "?.8"]
[White "Brueckner, T."]
[Black "Schubert, C."]
[Result "1-0"]
[WhiteElo "2265"]
[BlackElo "2260"]
[PlyCount "63"]
[EventDate "1985.??.??"]

1. d4 Nf6 2. Nf3 g6 3. c4 Bg7 4. g3 O-O 5. Bg2 d6 6. O-O Nc6 7. Nc3 Bg4 8. d5
Na5 9. b3 c5 10. Bb2 a6 11. Nd2 Rb8 12. Qc2 b5 13. h3 Bd7 14. Rab1 bxc4 15.
bxc4 e5 16. e3 Bf5 17. e4 Bd7 18. Ne2 Bh6 19. f4 Nh5 20. Bc3 Rxb1 21. Qxb1 f5
22. fxe5 dxe5 23. Qd3 Re8 24. d6 Nf6 25. exf5 gxf5 26. Bd5+ Kh8 27. g4 Bg7 28.
Bg2 e4 29. Qe3 fxg4 30. Qg5 gxh3 31. Rxf6 hxg2 32. Rf8+ 1-0

[Event "BL 8485 Zähringen-München 36"]
[Site "?"]
[Date "1985.??.??"]
[Round "?.2"]
[White "Herbrechtsmeier, C."]
[Black "Nikolac, J."]
[Result "1/2-1/2"]
[WhiteElo "2325"]
[BlackElo "2450"]
[PlyCount "103"]
[EventDate "1985.??.??"]

1. e4 e5 2. Nf3 Nc6 3. Bc4 Bc5 4. c3 Nf6 5. d4 exd4 6. cxd4 Bb4+ 7. Bd2 Bxd2+
8. Nbxd2 d5 9. exd5 Nxd5 10. Qb3 Nce7 11. O-O O-O 12. Rfe1 Nb6 13. Rac1 Nf5 14.
Bd3 c6 15. Re4 Nd5 16. Re5 Nd6 17. Bb1 f6 18. Ree1 Qb6 19. Qa3 Qb4 20. Qxb4
Nxb4 21. a3 Nd5 22. Ba2 Re8 23. Bxd5+ cxd5 24. Rxe8+ Nxe8 25. Nf1 Be6 26. Ne3
Rd8 27. Nd2 Kf8 28. f3 Ke7 29. Kf2 Kd7 30. a4 b6 31. b3 Nc7 32. Nb1 Na6 33. Ke2
Nb4 34. Kd2 Nc6 35. Nc2 Na5 36. Kc3 Bf5 37. Nba3 Nc6 38. Ne3 Be6 39. Rd1 Rc8
40. Nac2 g5 41. g3 h5 42. Kb2 a5 43. Rf1 h4 44. gxh4 gxh4 45. Rg1 Rg8 46. Rxg8
Bxg8 47. Ng2 h3 48. Nf4 Be6 49. Kc3 Kd6 50. Ne3 Ne7 51. Ng4 Nf5 52. Nxh3
1/2-1/2

[Event "BL 8485 Zähringen-München 36"]
[Site "?"]
[Date "1985.??.??"]
[Round "?.3"]
[White "Bastian, H."]
[Black "Schuh, H."]
[Result "1-0"]
[WhiteElo "2375"]
[BlackElo "2310"]
[PlyCount "73"]
[EventDate "1985.??.??"]

1. e4 c5 2. Nc3 Nc6 3. g3 g6 4. Bg2 Bg7 5. d3 d6 6. f4 e5 7. Nh3 exf4 8. Nxf4
Nge7 9. O-O O-O 10. Ncd5 Nxd5 11. Nxd5 Be6 12. Nf4 Bd7 13. c3 b5 14. Be3 Ne5
15. h3 Rb8 16. b3 b4 17. d4 Nc6 18. Rc1 bxc3 19. dxc5 Qa5 20. Qxd6 Rfd8 21. Nd5
Be8 22. Nf6+ Kh8 23. Qf4 Rd3 24. e5 Rb4 25. Be4 Qd8 26. a3 Nxe5 27. axb4 Rxe3
28. Qxe5 Bc6 29. Rcd1 Qc8 30. Qd6 Bf8 31. Qd8 Qxd8 32. Rxd8 Kg7 33. Bxc6 c2 34.
Ng4 Rxg3+ 35. Kh2 Rxb3 36. Rd7 Rf3 37. Bxf3 1-0

[Event "BL 8485 Zähringen-München 36"]
[Site "?"]
[Date "1985.??.??"]
[Round "?.4"]
[White "Vatter, H."]
[Black "Mueller, Hei"]
[Result "1-0"]
[WhiteElo "2250"]
[BlackElo "2270"]
[PlyCount "123"]
[EventDate "1985.??.??"]

1. e4 g6 2. d4 Bg7 3. Nc3 c6 4. h4 d5 5. e5 h5 6. Nh3 Nh6 7. Nf4 Bg4 8. f3 Bf5
9. Be3 Qb6 10. Na4 Qa5+ 11. c3 Nd7 12. b4 Qc7 13. Bd3 e6 14. Be2 b5 15. Nc5
Nxc5 16. bxc5 Rb8 17. a3 a5 18. Bd2 Ng8 19. g3 Bh6 20. g4 hxg4 21. fxg4 Be4 22.
Bf3 Ne7 23. Qe2 Bxf3 24. Qxf3 Bxf4 25. Bxf4 Rh7 26. Rb1 Qa7 27. Bg5 b4 28. cxb4
axb4 29. Qb3 Nc8 30. axb4 Qa6 31. Rh2 Na7 32. Ra2 Qb7 33. Rba1 Nb5 34. Qd3 Nc7
35. Ra4 Rh8 36. Qf3 f5 37. exf6 Nb5 38. Qe3 Kf7 39. Kf1 Ra8 40. Ra5 Rxa5 41.
bxa5 Qc7 42. Kg2 Ra8 43. Bf4 Qd8 44. Be5 Qh8 45. Bg3 Qh7 46. a6 g5 47. Qxg5
Nxd4 48. a7 Nb5 49. h5 Rxa7 50. Rxa7+ Nxa7 51. Qf4 Nb5 52. Kh3 Qh8 53. Kh4
Qxf6+ 54. Qxf6+ Kxf6 55. g5+ Kg7 56. Be5+ Kh7 57. g6+ Kh6 58. Bf4+ Kg7 59. Kg5
Kf8 60. Be5 d4 61. h6 Nc3 62. h7 1-0

[Event "BL 8485 Zähringen-München 36"]
[Site "?"]
[Date "1985.??.??"]
[Round "?.5"]
[White "Zysk, R."]
[Black "Miltner, A."]
[Result "1-0"]
[WhiteElo "2325"]
[BlackElo "2280"]
[PlyCount "109"]
[EventDate "1985.??.??"]

1. e4 Nf6 2. e5 Nd5 3. d4 d6 4. c4 Nb6 5. f4 dxe5 6. fxe5 g6 7. Nf3 Bg7 8. Nc3
c5 9. Bf4 cxd4 10. Qxd4 Qxd4 11. Nxd4 Nc6 12. Nxc6 bxc6 13. O-O-O Be6 14. b3
O-O 15. Bd3 Nd7 16. Rhe1 Rfd8 17. Na4 g5 18. Bxg5 Nxe5 19. Be4 Rxd1+ 20. Rxd1
Bg4 21. Re1 f5 22. Bc2 e6 23. Nc5 Kf7 24. h3 Bh5 25. Bf4 Ng6 26. Nxe6 Nxf4 27.
Nxf4 Bg6 28. Bd3 Bh6 29. Rf1 Kf6 30. Kc2 Ke5 31. g3 Bf7 32. Ng2 Be6 33. Nh4 Rf8
34. Nf3+ Kd6 35. Nd4 f4 36. g4 Bg5 37. Bf5 Bg8 38. Rd1 Kc7 39. Nf3 Bf6 40. Rd7+
Kb6 41. Bxh7 Be6 42. Rd6 Re8 43. Be4 Kc7 44. Rxc6+ Kd7 45. Ra6 Rh8 46. Rxa7+
Kd6 47. Ra6+ Kd7 48. Ra7+ Kd6 49. g5 Be7 50. Ra6+ Kd7 51. Ne5+ Kc7 52. Rxe6
Bxg5 53. Nf7 Rxh3 54. Nxg5 Rg3 55. Nf3 1-0